Visualizzazione normale
Vista MARC
- Bordone Matteo (et al.)
di Personal Name
Records bibliografici associati: 1
001 - CONTROL NUMBER
- control field: 59757
003 - CONTROL NUMBER IDENTIFIER
- control field:
005 - DATE AND TIME OF LATEST TRANSACTION
- control field: 20230322143711.0
008 - FIXED-LENGTH DATA ELEMENTS
- fixed length control field: 230322|| aca||aabn | a|a d
040 ## - CATALOGING SOURCE
- Original cataloging agency:
- Transcribing agency:
100 ## - HEADING--PERSONAL NAME
- Personal name: Bordone Matteo (et al.)
670 ## - SOURCE DATA FOUND
- Source citation: Work cat.: ()359645: Bordone Matteo (et al.), Non si può più dire niente?, 2022